জনক / (Record no. 40414)
[ view plain ]
| 000 -LEADER | |
|---|---|
| fixed length control field | 01067nam a2200265 a 4500 |
| 001 - CONTROL NUMBER | |
| control field | 40414 |
| 003 - CONTROL NUMBER IDENTIFIER | |
| rucl marc code | BD-RjUL |
| 005 - DATE AND TIME OF LATEST TRANSACTION | |
| control field | 20211209053216.0 |
| 008 - FIXED-LENGTH DATA ELEMENTS--GENERAL INFORMATION | |
| fixed length control field | 160430s1985 bg || || |||| 00| f ben d |
| 020 ## - INTERNATIONAL STANDARD BOOK NUMBER | |
| Terms of availability | : Tk. 60.00 |
| 035 ## - SYSTEM CONTROL NUMBER | |
| System control number | (BD-RjUL) 40529 |
| 040 ## - CATALOGING SOURCE | |
| Original cataloging agency | BD-RjUL |
| Language of cataloging | ben |
| Transcribing agency | BD-RjUL |
| 041 ## - LANGUAGE CODE | |
| Language code of text/sound track or separate title | ben |
| 082 ## - DEWEY DECIMAL CLASSIFICATION NUMBER | |
| Edition number | 23 |
| Classification number | 843.7 |
| Author mark and year | BAJ 1985 |
| 100 ## - MAIN ENTRY--PERSONAL NAME | |
| Personal name | বালজাক, অঁরে দ্য |
| 9 (RLIN) | 124494 |
| 245 ## - TITLE STATEMENT | |
| Title | জনক / |
| Statement of responsibility, etc. | অঁরে দ্য বালজাক ; আবুল হাসান শামসুদ্দিন অনূদিত |
| 260 ## - PUBLICATION, DISTRIBUTION, ETC. (IMPRINT) | |
| Place of publication, distribution, etc. | ঢাকা : |
| Name of publisher, distributor, etc. | বাংলা একাডেমী, |
| Date of publication, distribution, etc. | ১৯৮৫ |
| 300 ## - PHYSICAL DESCRIPTION | |
| Pagination | [৭], ২৮৮ পৃ. ; |
| Size | ২১ সেমি. |
| 490 ## - SERIES STATEMENT | |
| Series statement | বাএ ; |
| Volume/sequential designation | ১৬৪৯ |
| 650 ## - SUBJECT ADDED ENTRY--TOPICAL TERM | |
| Topical term or geographic name as entry element | প্যারিস (ফ্রান্স ) - উপন্যাস |
| 9 (RLIN) | 124495 |
| Topical term or geographic name as entry element | Paris (France) -- Fiction |
| 9 (RLIN) | 124496 |
| 700 ## - ADDED ENTRY--PERSONAL NAME | |
| Personal name | শামসুদ্দিন, আবুল হাসান, অনূদিত |
| 830 ## - SERIES ADDED ENTRY--UNIFORM TITLE | |
| Uniform title | বাএ ; |
| Volume number/sequential designation | ১৬৪৯ |
| 942 ## - ADDED ENTRY ELEMENTS (KOHA) | |
| Source of classification or shelving scheme | Dewey Decimal Classification |
| Koha item type | Books |
| Lost status | Source of classification or shelving scheme | Damaged status | Not for loan | Collection code | Permanent Location | Current Location | Shelving location | Date acquired | Source of acquisition | Cost, normal purchase price | Total Checkouts | Full call number | Date last seen | Copy number | Koha item type |
|---|---|---|---|---|---|---|---|---|---|---|---|---|---|---|---|
| Dewey Decimal Classification | Fiction | Central Library, University of Rajshahi | Central Library, University of Rajshahi | 26/06/1990 | Bangla Academy, Dhaka | 60.00 | B 843.7 BAJ 1985 | 30/04/2016 | C-2 | Books |